Introduction to optics (Record no. 1473)

MARC details
000 -LEADER
fixed length control field 00533nam a2200193Ia 4500
003 - CONTROL NUMBER IDENTIFIER
control field IN-BaIIA
008 - FIXED-LENGTH DATA ELEMENTS--GENERAL INFORMATION
fixed length control field 211028s9999 xx 000 0 eng d
040 ## - CATALOGING SOURCE
Transcribing agency IIA Library
080 ## - UNIVERSAL DECIMAL CLASSIFICATION NUMBER
Universal Decimal Classification number 535.31
Item number ROB
100 ## - MAIN ENTRY--PERSONAL NAME
Personal name Robertson, J. K.
9 (RLIN) 2993
245 #0 - TITLE STATEMENT
Title Introduction to optics
Remainder of title geometrical and physical
Statement of responsibility, etc. J. K. Robertson
250 ## - EDITION STATEMENT
Edition statement 4th ed.
260 ## - PUBLICATION, DISTRIBUTION, ETC.
Place of publication, distribution, etc. New York
Name of publisher, distributor, etc. Van Nostrand
Date of publication, distribution, etc. 1954
300 ## - PHYSICAL DESCRIPTION
Extent xv, 416p.
490 ## - SERIES STATEMENT
Series statement University physics series
650 ## - SUBJECT ADDED ENTRY--TOPICAL TERM
Topical term or geographic name entry element Geometrical Optics
9 (RLIN) 2023
650 ## - SUBJECT ADDED ENTRY--TOPICAL TERM
Topical term or geographic name entry element Physical Optics
942 ## - ADDED ENTRY ELEMENTS (KOHA)
Koha item type Books
Holdings
Withdrawn status Lost status Damaged status Not for loan Home library Current library Shelving location Date acquired Total Checkouts Full call number Barcode Date last seen Price effective from Koha item type
        IIA Library-Bangalore IIA Library-Bangalore General Stacks     535.31/ ROB 1588 05/11/2021   Books

Powered by Koha